Boom and bust
| Main Author: | |
|---|---|
| Format: | Book |
| Published: |
London :
Sidgwick & Jackson ,
1988
|
| Subjects: |
MARC
| LEADER | 00000cam a2200000 7i4500 | ||
|---|---|---|---|
| 001 | 0000009482 | ||
| 005 | 20160922.0 | ||
| 020 | |a 0283994452 | ||
| 040 | |a INS | ||
| 090 | 0 | 0 | |a HB3716 |b W73 1988 |
| 100 | 1 | |a Wood, Christopher | |
| 245 | 1 | 0 | |a Boom and bust |c by Christopher Wood |
| 260 | |a London : |b Sidgwick & Jackson , |c 1988 | ||
| 300 | |a 198p ; |c 24cm. | ||
| 650 | 0 | 0 | |a Business cycles |x History |y 20th Century |
| 650 | 0 | 0 | |a Economic history |y 1971-1990 |
| 650 | 0 | 0 | |a Stock market crach, 1987 |
| 999 | |a 0000023632 |b BOOK |c Open Shelf |e Default branch | ||